000 00517nam a2200181Ia 4500
003 GCL
008 140319s9999 xx 000 0 ara d
040 _aGCL /
_cGCL
082 0 4 _aق
_b291.3562
_bح ط
100 1 _aحسن الرزاز
245 1 0 _aطرق مصر المقدسة /
_cحسن الرزاز
300 _a158 ص
490 _aمكتبة الاسرة
_v0
650 0 4 _aالاماكن المقدسة
650 0 4 _aمصر - تاريخ
650 0 4 _aمصر القديمة - تاريخ
942 _2ddc
_cBK
999 _c51649
_d51649